000 00808cam a22002058i 4500
999 _c57899
_d57899
001 18639082
005 20221110163947.0
008 150601s2015 dcu b 001 0 eng
020 _a9780815726647x
041 _aeng
080 _a323.173(477.470) k-17
100 1 _aKalb, Marvin L.
_910862
245 1 0 _aImperial gamble :
_bPutin, Ukraine, and the new cold war /
_cMarvin Kalb.
264 1 _aWashington, D.C. :
_bBrookings Institution Press,
_c2015.
300 _apages
_bcm
600 1 0 _aPutin, Vladimir Vladimirovich,
_d1952-
_910863
653 _aსაიმპერატორო Gamble: პუტინი, უკრაინა და ახალი ცივი ომი
653 _amperial Gamble: Путин, Украина и новая холодная война
942 _2udc
_cBK